Statistics for Sons of Anarchy Trivia #2

Click here to take the quiz!

General Stats

  • This quiz has been taken 1,169 times
    (1,166 since last reset)
  • The average score is 10 of 16

Answer Stats

HintAnswer% Correct
Jax has a half sister in what country?Ireland
95%
Tried to hang himself from a tree with a chainJuan Carlos 'Juice' Ortiz
94%
Jemma and Clay conspired to kill and cover up the murder of whom?John Teller
90%
Military combat veteran and SOA prospect who lost half of his genitals was known by what nickname?Half-Sack
82%
Killed agent Stahl in the same manner that his wife was killedHarry 'Opie' Winston
79%
Hand was smashed in van door during an attempted kidnappingTara Knowles
79%
Agent who stalked SOA during season oneJune Stahl
70%
Hard nose Deputy Sherriff from season oneDeputy Hale
69%
Abel's drug addict motherWendy
68%
Has problem with touching himselfChucky
55%
Killed nurse with crucifixOtto Delaney
55%
Clay wants to find and burn what documents from Ireland?letters
53%
Sherriff who takes Hale's placeEli Roosevelt
39%
Plays undercover agent in the Mexican cartell named RomeoDanny Trejo
32%
The character of AJ Weston (skinhead who raped Gemma) was played by what famous metal band member?Henry Rollins
23%
Federal agent who stalked Tara Knowles and was killed by JaxKohn
10%

Score Distribution

Percentile by Number Answered

Percent of People with Each Score

Your Score History

You have not taken this quiz since the last reset